Detalles MARC
| 000 -CABECERA |
| campo de control de longitud fija |
01845nam a2200301 i 4500 |
| 001 - NÚMERO DE CONTROL |
| campo de control |
15858 |
| 003 - IDENTIFICADOR DEL NÚMERO DE CONTROL |
| campo de control |
DO-SdUEMH |
| 005 - FECHA Y HORA DE LA ÚLTIMA TRANSACCIÓN |
| campo de control |
20260219141021.0 |
| 007 - CAMPO FIJO DE DESCRIPCIÓN FÍSICA--INFORMACIÓN GENERAL |
| campo de control de longitud fija |
ta |
| 008 - DATOS DE LONGITUD FIJA--INFORMACIÓN GENERAL |
| campo de control de longitud fija |
211105s2004||||dr a|||gr|||| 0|| |dspa d |
| 020 ## - NÚMERO INTERNACIONAL ESTÁNDAR DEL LIBRO |
| Número Internacional Estándar del Libro |
9993497290 |
| 040 ## - FUENTE DE LA CATALOGACIÓN |
| Centro catalogador/agencia de origen |
DO-SdUEMH |
| Lengua de catalogación |
spa |
| Normas de descripción |
rda |
| 041 ## - CÓDIGO DE LENGUA |
| Código de lengua del texto/banda sonora o título independiente |
spa |
| 082 14 - NÚMERO DE LA CLASIFICACIÓN DECIMAL DEWEY |
| Número de clasificación |
RD 597.097293 R789N |
| Colección |
Colección Dominicana |
| Número de documento/Ítem |
R789 |
| 084 ## - OTRO NÚMERO DE CLASIFICACIÓN |
| Item number |
13-00118 |
| 100 #1 - ENTRADA PRINCIPAL--NOMBRE DE PERSONA |
| Nombre de persona |
Rosario Ramírez, F. Benjamín |
| Término indicativo de función/relación |
autor |
| 245 ## - MENCIÓN DE TÍTULO |
| Título |
Nociones Básicas Sobre Ictiología Dominicana / |
| Mención de responsabilidad, etc. |
F. Benjamín Rosario Ramírez |
| 260 ## - PUBLICACIÓN, DISTRIBUCIÓN, ETC. |
| Date of publication, distribution, etc. |
2004 |
| 264 #1 - PRODUCCIÓN, PUBLICACIÓN, DISTRIBUCIÓN, FABRICACIÓN Y COPYRIGHT |
| Lugar de producción, publicación, distribución, fabricación |
Santo Domingo, República Dominicana : |
| Fecha de producción, publicación, distribución, fabricación o copyright |
2004 |
| 300 ## - DESCRIPCIÓN FÍSICA |
| Extensión |
78 páginas : |
| Otras características físicas |
ilustraciones ; |
| Dimensiones |
20 cm. |
| 336 ## - TIPO DE CONTENIDO |
| Fuente |
rdacontent |
| Término de tipo de contenido |
texto |
| Código de tipo de contenido |
txt |
| 337 ## - TIPO DE MEDIO |
| Fuente |
rdamedia |
| Nombre del tipo de medio |
sin mediación |
| Código del tipo de medio |
n |
| 338 ## - TIPO DE SOPORTE |
| Fuente |
rdacarrier |
| Nombre del tipo de soporte |
volumen |
| Código del tipo de soporte |
nc |
| 504 ## - NOTA DE BIBLIOGRAFÍA, ETC. |
| Nota de bibliografía, etc. |
Contiene Información Bibliográfica a Final de la Obra. |
| 505 #2 - NOTA DE CONTENIDO CON FORMATO |
| Nota de contenido con formato |
Estudio evolutivo -- Evolución taxonómica -- Condrichthyes -- Osteichthyes (Teleostei) -- Regiones del cuerpo de los peces -- Elasmobranchii -- Región cefálica -- Región troncal -- Región caudal -- Teleósteos -- Región cefálica -- Región troncal -- Región caudal -- Diferentes formas de los peces -- Escamas en los peces -- Clasificación de las escamas de los peces -- Caracteres básicos de la clasificación -- Sistema digestivo y forma de alimentación en los peces -- Sistema digestivo -- Forma de alimentación -- Forma de respiración en los peces -- Reproducción y excreción en los peces -- Reproducción en los elasmobranquios -- Circulación sanguínea en peces -- Órganos de los sentidos en los peces -- Inventario de la ictiofauna endémica y nativa -- Ictiofauna dulceacuícola -- Especies ícticas eurihalinas o estuarinas -- Lista de especies ictiológicas eurihalinas -- Raíces, prefijos y sufijos de origen griego y latino. |
| 942 ## - ELEMENTOS DE PUNTO DE ACCESO ADICIONAL (KOHA) |
| Fuente del sistema de clasificación o colocación |
Dewey Decimal Classification |
| Tipo de ítem Koha |
Libro |
| Suprimir en OPAC |
No |